[Event "New York Marshall CC 05"]
[Site "New York"]
[Date "2025.05.04"]
[Round "4"]
[White "Marsh, James Jiho"]
[Black "Lee, Rohan"]
[Result "1-0"]
[WhiteElo "2051"]
[BlackElo "1971"]
[PlyCount "91"]
[EventDate "2025.05.03"]
[EventType "swiss"]
[EventRounds "5"]
[EventCountry "USA"]
[SourceTitle "CB19_2025"]
[SourceDate "2025.05.07"]
[SourceVersion "1"]
[SourceVersionDate "2025.05.07"]
[SourceQuality "1"]

1. d4 Nf6 2. c4 g6 3. Nc3 Bg7 4. e4 d6 5. Be2 0-0 6. Bg5 h6 7. Be3 e5 8. d5 a5 9. Qd2 Kh7 10. f3 Na6 11. g4 Ne8 12. h4 Nc5 13. h5 g5 14. Nh3 Bf6 15. 0-0 a4 16. Rfd1 Bd7 17. Nf2 Ra6 18. Nd3 Qe7 19. Qc2 Ng7 20. b4 axb3 21. axb3 Rfa8 22. Rxa6 Nxa6 23. b4 c6 24. c5 Ne8 25. Qb3 Kg7 26. Rd2 Qd8 27. Nb2 Be7 28. Nba4 cxd5 29. exd5 f5 30. Nb6 dxc5 31. Nxa8 cxb4 32. Nb6 bxc3 33. Qxc3 Bf6 34. Qa3 Nac7 35. Qb4 e4 36. fxe4 fxg4 37. e5 Bxe5 38. Qe4 Bf6 39. Qg6+ Kh8 40. Qxh6+ Kg8 41. Qg6+ Kh8 42. Bc5 Na6 43. Bd3 Bf5 44. Bxf5 Qc7 45. Qxe8+ Kg7 46. Qf8# 1-0

[Event "New York Marshall CC 05"]
[Site "New York"]
[Date "2025.05.04"]
[Round "5"]
[White "Shankar, Pranav"]
[Black "Marsh, James Jiho"]
[Result "0-1"]
[WhiteElo "1943"]
[BlackElo "2051"]
[PlyCount "68"]
[EventDate "2025.05.03"]
[EventType "swiss"]
[EventRounds "5"]
[EventCountry "USA"]
[SourceTitle "CB19_2025"]
[SourceDate "2025.05.07"]
[SourceVersion "1"]
[SourceVersionDate "2025.05.07"]
[SourceQuality "1"]

1. d4 d5 2. c4 e6 3. Nf3 Nf6 4. g3 Bb4+ 5. Bd2 Be7 6. Bg2 0-0 7. 0-0 c6 8. Qc2 Nbd7 9. b3 b6 10. Bf4 Bb7 11. Nc3 Rc8 12. e4 Nxe4 13. Nxe4 dxe4 14. Qxe4 Nf6 15. Qc2 c5 16. dxc5 Bxc5 17. Rad1 Qe7 18. Ne5 Bxg2 19. Kxg2 Qb7+ 20. f3 Rfd8 21. Rd3 Be7 22. Rfd1 h6 23. Rxd8+ Bxd8 24. b4 Bc7 25. Qc3 Bxe5 26. Qxe5 Rxc4 27. Rd8+ Kh7 28. Bxh6 Qe7 29. Bxg7 Qxd8 30. Qg5 Rc2+ 31. Kh3 Qd2 32. Qxf6 Qxh2+ 33. Kg4 Rg2 34. Qe5 f5+ 0-1

[Event "New York Marshall CC 05"]
[Site "New York"]
[Date "2025.05.03"]
[Round "3"]
[White "Belenky, Nicholas"]
[Black "Marsh, James Jiho"]
[Result "0-1"]
[WhiteElo "1991"]
[BlackElo "2051"]
[PlyCount "104"]
[EventDate "2025.05.03"]
[EventType "swiss"]
[EventRounds "5"]
[EventCountry "USA"]
[SourceTitle "CB19_2025"]
[SourceDate "2025.05.07"]
[SourceVersion "1"]
[SourceVersionDate "2025.05.07"]
[SourceQuality "1"]

1. e4 e6 2. d4 d5 3. Nc3 Bb4 4. e5 c5 5. a3 Ba5 6. b4 cxd4 7. Qxd4 Nc6 8. Qg4 Bc7 9. f4 Kf8 10. Bd3 Bd7 11. Nf3 Bb6 12. Nb5 Nh6 13. Qh5 Be8 14. c3 a6 15. Nbd4 Nxd4 16. Nxd4 Bxd4 17. cxd4 Qb6 18. Bb2 Rc8 19. 0-0 Bb5 20. Rfc1 Bc4 21. a4 Qd8 22. Bxc4 dxc4 23. b5 Nf5 24. Qd1 h5 25. bxa6 bxa6 26. Ba3+ Kg8 27. Bc5 g6 28. Qe2 Nxd4 29. Qxc4 Rxc5 30. Qxc5 Ne2+ 31. Kh1 Nxc1 32. Rxc1 Kg7 33. h3 Qd2 34. Rf1 Qd3 35. Kg1 Rb8 36. Qe7 Qd8 37. Qxd8 Rxd8 38. Rf3 Rd4 39. a5 Ra4 40. Kf2 h4 41. Ke3 Rxa5 42. Rf2 Ra3+ 43. Ke4 a5 44. Re2 a4 45. Rf2 Rg3 46. Ra2 a3 47. Rc2 Rb3 48. Ra2 Kh6 49. Kd4 g5 50. Ke4 Rb4+ 51. Kd3 Rxf4 52. Rxa3 Rf2 0-1

[Event "New York President's Day IM-D"]
[Site "New York"]
[Date "2025.02.16"]
[Round "6"]
[White "Omelja, Artem"]
[Black "Marsh, James Jiho"]
[Result "1/2-1/2"]
[WhiteElo "2413"]
[BlackElo "1991"]
[PlyCount "134"]
[EventDate "2025.02.14"]
[EventType "tourn"]
[EventRounds "9"]
[EventCountry "USA"]
[SourceTitle "CB08_2025"]
[SourceDate "2025.02.19"]
[SourceVersion "1"]
[SourceVersionDate "2025.02.19"]
[SourceQuality "1"]

1. d4 d5 2. c4 e6 3. Nc3 Nf6 4. cxd5 exd5 5. Bg5 Be7 6. e3 0-0 7. Bd3 h6 8. Bh4 Re8 9. Nge2 c6 10. 0-0 a5 11. f3 b5 12. Bf2 Nbd7 13. h3 Ba6 14. Rc1 Bf8 15. Ng3 a4 16. Nce2 c5 17. dxc5 Bxc5 18. Nd4 b4 19. Ngf5 Qb6 20. Re1 Bxd3 21. Qxd3 Ne5 22. Qf1 Nc4 23. b3 Nd6 24. Qd3 Nd7 25. Nxd6 Qxd6 26. Red1 Nb6 27. Nf5 Qf8 28. Qb5 Rec8 29. Rc2 axb3 30. axb3 Ra7 31. Rdc1 Nd7 32. Kf1 g6 33. Nd4 Qd6 34. Ne2 Rb8 35. Qd3 Re8 36. Nf4 d4 37. exd4 Qxf4 38. dxc5 Ne5 39. Qe3 Qxe3 40. Bxe3 Nd3 41. Bd2 Nxc1 42. Rxc1 Ra3 43. Bxb4 Rxb3 44. Bd2 Rb2 45. Bc3 Rb5 46. Bd4 Rb4 47. Ba1 Reb8 48. Ke2 Rb1 49. Rxb1 Rxb1 50. Bc3 Kf8 51. c6 Ke7 52. c7 Kd7 53. Bg7 h5 54. Be5 Rc1 55. h4 Rc2+ 56. Kf1 Ke6 57. Bg3 f6 58. Kg1 Ke7 59. Bf4 Kd7 60. Bg3 Rc4 61. Kh2 g5 62. hxg5 h4 63. Bf2 fxg5 64. Be3 g4 65. fxg4 Rxg4 66. Bf2 Kxc7 67. Kh3 Ra4 1/2-1/2

[Event "New York Marshall op"]
[Site "New York"]
[Date "2024.10.06"]
[Round "3"]
[White "Marsh, James Jiho"]
[Black "Nkululeko, Nkosi"]
[Result "1-0"]
[WhiteElo "2049"]
[BlackElo "1933"]
[PlyCount "113"]
[EventDate "2024.10.05"]
[EventType "swiss"]
[EventRounds "5"]
[EventCountry "USA"]
[SourceTitle "CB45_2024"]
[Source "ChessBase"]
[SourceDate "2024.11.06"]
[SourceVersion "1"]
[SourceVersionDate "2024.11.06"]
[SourceQuality "1"]

1. d4 Nf6 2. c4 g6 3. Nc3 d6 4. e4 Bg7 5. h3 0-0 6. Be3 Nbd7 7. Nf3 e5 8. d5 Qe7 9. g4 Nc5 10. Nd2 a5 11. f3 Nfd7 12. h4 f5 13. g5 c6 14. Qe2 f4 15. Bf2 Nb8 16. 0-0-0 Nba6 17. a3 h5 18. Kb1 Qc7 19. Rc1 Bd7 20. Bh3 Bxh3 21. Rxh3 Rfb8 22. Rhh1 Bf8 23. Rc2 Nb4 24. axb4 axb4 25. Bxc5 bxc3 26. Rxc3 dxc5 27. Rd1 b5 28. Rd3 Ra4 29. dxc6 Qxc6 30. Rb3 b4 31. Qd3 Kf7 32. Qd5+ Qe6 33. Rd3 Be7 34. Nb3 Rc8 35. Kc2 Ra6 36. Qxe6+ Kxe6 37. Rd7 Rac6 38. Ra7 R6c7 39. Ra6+ Rc6 40. Ra7 R6c7 41. Ra6+ Rc6 42. Rda1 Rxa6 43. Rxa6+ Bd6 44. Na5 Kd7 45. Kb3 Rb8 46. Ra7+ Bc7 47. Kc2 Rc8 48. Nb3 Kc6 49. Nc1 Kb6 50. Ra1 Rd8 51. Nb3 Rd7 52. Ra5 Bd6 53. Ra8 Rg7 54. Re8 Kc6 55. Nc1 Kd7 56. Ra8 Kc6 57. Nd3 1-0

[Event "New York Marshall op"]
[Site "New York"]
[Date "2024.10.05"]
[Round "1"]
[White "Schaefer, Sasha Milo"]
[Black "Marsh, James Jiho"]
[Result "1/2-1/2"]
[WhiteElo "1850"]
[BlackElo "2049"]
[PlyCount "79"]
[EventDate "2024.10.05"]
[EventType "swiss"]
[EventRounds "5"]
[EventCountry "USA"]
[SourceTitle "CB45_2024"]
[Source "ChessBase"]
[SourceDate "2024.11.06"]
[SourceVersion "1"]
[SourceVersionDate "2024.11.06"]
[SourceQuality "1"]

1. e4 e6 2. d4 d5 3. Nc3 Bb4 4. e5 c5 5. Bd2 Nc6 6. Nf3 Nge7 7. a3 Ba5 8. dxc5 Ng6 9. Nb5 Bxd2+ 10. Qxd2 Ngxe5 11. Nxe5 Nxe5 12. Qf4 f6 13. Nd6+ Kf8 14. 0-0-0 b6 15. Qb4 bxc5 16. Qxc5 Qb6 17. Ne4+ Kf7 18. Nd6+ Kf8 19. Ne4+ Qxc5 20. Nxc5 Kf7 21. Be2 Nd7 22. Nxd7 Bxd7 23. f4 Bc6 24. Bf3 Rhd8 25. Rhe1 Rac8 26. Rd4 Re8 27. Kd2 Rcd8 28. Rf1 Kg8 29. c4 dxc4 30. Kc3 Rxd4 31. Kxd4 Rd8+ 32. Kc3 Bd5 33. Rd1 Kf7 34. f5 Rd6 35. Rd4 Ke7 36. fxe6 Bxe6 37. Rxd6 Kxd6 38. Kd4 g5 39. Be2 Bd5 40. g3 1/2-1/2

[Event "New York Marshall op"]
[Site "New York"]
[Date "2024.01.07"]
[Round "4"]
[White "Marsh, James Jiho"]
[Black "Oh, James Y"]
[Result "0-1"]
[WhiteElo "1987"]
[BlackElo "2015"]
[PlyCount "64"]
[EventDate "2024.01.05"]
[EventType "swiss"]
[EventRounds "5"]
[EventCountry "USA"]
[SourceTitle "CBM 218 Extra"]
[Source "ChessBase"]
[SourceDate "2024.03.31"]
[SourceVersion "1"]
[SourceVersionDate "2024.03.31"]
[SourceQuality "1"]

1. Nf3 d5 2. g3 Nf6 3. Bg2 e6 4. 0-0 Be7 5. c4 0-0 6. d4 dxc4 7. Qc2 b5 8. a4 b4 9. Nfd2 Nd5 10. Nxc4 c5 11. dxc5 Bxc5 12. Ne3 Bxe3 13. Bxe3 Ba6 14. Rd1 Nd7 15. Bxd5 exd5 16. Rd4 Rc8 17. Qd1 Qe7 18. Nd2 Nb6 19. Nf1 Bb7 20. a5 Nc4 21. b3 Na3 22. Rc1 Rxc1 23. Qxc1 Nb5 24. Rd2 Nc3 25. Qb2 Ba6 26. Bd4 Nxe2+ 27. Kg2 Nc3 28. Bxc3 Qe4+ 29. f3 Bxf1+ 30. Kf2 bxc3 31. Qxc3 Qb1 32. Qd4 Ba6 0-1

[Event "Veliko Gradiste Silver Lake op-A"]
[Site "Veliko Gradiste"]
[Date "2021.06.28"]
[Round "7"]
[White "Marsh, James Jiho"]
[Black "Rolic, Gojko"]
[Result "1-0"]
[WhiteElo "1679"]
[BlackElo "2118"]
[PlyCount "61"]
[EventDate "2021.06.23"]
[EventType "swiss"]
[EventRounds "9"]
[EventCountry "SRB"]
[SourceTitle "EXT 2022"]
[Source "ChessBase"]
[SourceDate "2021.10.06"]
[SourceVersion "1"]
[SourceVersionDate "2021.10.06"]
[SourceQuality "1"]

1. d4 d5 2. c4 c6 3. Nf3 Nf6 4. e3 e6 5. Nbd2 Qa5 6. b3 Bb4 7. Qc2 Nbd7 8. Bd3 0-0 9. 0-0 Bd6 10. Bb2 Qc7 11. Rfe1 h6 12. e4 dxe4 13. Nxe4 Nxe4 14. Bxe4 Nf6 15. Bd3 Qd8 16. Rad1 b6 17. Qe2 Bb8 18. Ne5 Qc7 19. g3 Bb7 20. Ng4 Nxg4 21. Qxg4 Bc8 22. Qh5 Qd8 23. h4 Bd6 24. Re3 Be7 25. Be4 Bb7 26. d5 cxd5 27. cxd5 exd5 28. Bxd5 Bxd5 29. Rxd5 Qc7 30. Qg4 g6 31. Rd7 1-0

[Event "Veliko Gradiste Silver Lake op-A"]
[Site "Veliko Gradiste"]
[Date "2021.06.27"]
[Round "6"]
[White "Tancsa, Tamas"]
[Black "Marsh, James Jiho"]
[Result "1-0"]
[WhiteElo "2087"]
[BlackElo "1679"]
[PlyCount "91"]
[EventDate "2021.06.23"]
[EventType "swiss"]
[EventRounds "9"]
[EventCountry "SRB"]
[SourceTitle "EXT 2022"]
[Source "ChessBase"]
[SourceDate "2021.10.06"]
[SourceVersion "1"]
[SourceVersionDate "2021.10.06"]
[SourceQuality "1"]

1. e4 c5 2. Nf3 d6 3. d4 cxd4 4. Nxd4 Nf6 5. Nc3 g6 6. Be3 Bg7 7. f3 0-0 8. Qd2 Nc6 9. g4 Be6 10. Nxe6 fxe6 11. 0-0-0 Ne5 12. Be2 Qc8 13. h4 Nfd7 14. h5 Nc4 15. Bxc4 Qxc4 16. hxg6 hxg6 17. f4 Bxc3 18. bxc3 Qxa2 19. Qh2 Kf7 20. f5 exf5 21. gxf5 Ne5 22. fxg6+ Ke8 23. Qh5 Kd7 24. Rd4 Rac8 25. Qxe5 Qa1+ 26. Kd2 Qxh1 27. Qb5+ Kd8 28. Qxb7 Qg2+ 29. Kc1 Qf1+ 30. Rd1 Rc7 31. Rxf1 Rxf1+ 32. Kd2 Rxb7 33. g7 Kd7 34. g8Q Rf6 35. Qa8 Rc7 36. Bxa7 Rf4 37. Be3 Rg4 38. Kd3 Rg3 39. e5 Rg4 40. Qf3 Rgc4 41. Bd4 dxe5 42. Qd5+ Ke8 43. Qxc4 Rxc4 44. Kxc4 exd4 45. cxd4 Kd7 46. Kd5 1-0

[Event "Veliko Gradiste Silver Lake op-A"]
[Site "Veliko Gradiste"]
[Date "2021.06.25"]
[Round "4"]
[White "Furman, Boris"]
[Black "Marsh, James Jiho"]
[Result "0-1"]
[WhiteElo "2114"]
[BlackElo "1679"]
[PlyCount "62"]
[EventDate "2021.06.23"]
[EventType "swiss"]
[EventRounds "9"]
[EventCountry "SRB"]
[SourceTitle "CBM 203 Extra"]
[Source "ChessBase"]
[SourceDate "2021.09.30"]
[SourceVersion "1"]
[SourceVersionDate "2021.09.30"]
[SourceQuality "1"]

1. d4 Nf6 2. c4 g6 3. Nc3 d5 4. Bg5 Ne4 5. Bh4 Nxc3 6. bxc3 dxc4 7. e3 Be6 8. Be2 Nd7 9. Nf3 Nb6 10. 0-0 Bg7 11. a4 a5 12. Qc2 0-0 13. Rfb1 Qe8 14. Bg3 Bd7 15. Rxb6 cxb6 16. Bxc4 b5 17. axb5 Bxb5 18. Ba2 Qd7 19. Ne5 Bxe5 20. Bxe5 Rfc8 21. c4 Bxc4 22. Bb1 a4 23. Qd2 a3 24. d5 a2 25. Bc2 b6 26. Bd4 Qb5 27. Qc1 Bd3 28. h4 Qc4 29. Bxd3 Qxd3 30. Qe1 Ra3 31. e4 Rb3 0-1